Statistiques concernant Villes de l'Aisne

Cliquez ici pour prendre le quiz!

Statistiques générales

  • Ce quiz a été pris 100 fois
  • Le résultat moyen est 10 sur 30

Statistiques - réponses

PopulationCommune% Correct
59 049Saint-Quentin
99%
26 241Laon
97%
29 439Soissons
90%
14 966Château-Thierry
81%
15 096Tergnier
60%
10 327Hirson
54%
12 512Chauny
53%
2 653Vervins
53%
5 896Guise
49%
2 817La Fère
41%
5 604Gauchy
37%
6 593Bohain-en-Vermandois
34%
2 524Marle
31%
3 355Fère-en-Tardenois
21%
2 110Sissonne
21%
2 981Beautor
19%
3 272Fresnoy-le-Grand
19%
2 340Saint-Gobain
19%
2 728Charly
17%
4 032Belleu
16%
2 108La-Ferté-Milon
14%
2 920Le Nouvion-en-Thiérache
14%
2 128Athies-sous-Laon
13%
2 622Crouy
13%
2 203Guignicourt
13%
3 653Saint-Michel
13%
2 156Sinceny
10%
2 483Essômes-sur-Marne
7%
2 313Villeneuve-Saint-Germain
7%
9 834Vilers-Cotterêts
4%

Distribution des résultats

Percentile par nombre de réponses

% des personnes avec chaque résultat

Votre développement - résultats

Vous n’avez pas pris ce quiz